000 00476nam a22001697a 4500
005 20260202104521.0
008 260202b |||||||| |||| 00| 0 eng d
020 _a978-1-84901-066-5
100 _aGILBERT PAUL
245 _aOVERCOMING DEPRESSION
_bA SELF HEL GUIDE USING COGNITIVE BEHAVIORAL TECHNIQUES
250 _a3RD ED
260 _aLO0NDON
_bROBINSON
_c2009
300 _aXXIX,594P.
500 _aINCLUDES INDEX
650 _aDEPRESSION, MENTAL
942 _2lcc
_cBK
999 _c216502
_d216502